Poeti italiani dell'800 (con immagini) - Statistics

Statistiche generali
  • Questo quiz è stato fatto 57 volte
  • Il punteggio medio è 5 su 16
Statistiche sulle risposte
con Immagini Risposta % Corretto
Giacomo Leopardi
94%
Ugo Foscolo
88%
Alessandro Manzoni
84%
Giovanni Pascoli
71%
Giosuè Carducci
59%
Goffredo Mameli
16%
Aleardo Aleardi
6%
Antonio Fogazzaro
6%
Vittoria Aganoor
6%
Arturo Graf
4%
Felice Cavallotti
4%
Giovanni Prati
4%
Giuseppe Gioachino Belli
4%
Giuseppe Giusti
4%
Giuseppe Regaldi
4%
Tommaso Valperga di Caluso
4%
Nessun quiz corrispondente trovato
Distribuzione punteggi
Percentuale di utenti per punteggio
Percentile per numero di risposta
I tuoi punteggi nel tempo
Non hai fatto questo quiz